South American Countries - Statistics

General Stats
  • This quiz has been taken 1,235 times
    1,229 since last reset
  • The average score is 9 of 12
Answer Stats
Answer % Correct
Brazil
95%
Argentina
90%
Chile
85%
Paraguay
81%
Uruguay
81%
Columbia
79%
Peru
79%
Venezuela
74%
Bolivia
71%
Ecuador
64%
Suriname
60%
Guyana
57%
No matching quizzes found
Score Distribution
Percent of People with Each Score
Percentile by Number Answered
Your Score History
You have not taken this quiz since the last reset